Slovenské stavebníctvo roku 2008 z pohľadu ZSPS

Bibliographic Details
Main Author: Majerský, Ján, 1959- (Author)
Format: Article
Language:Slovak
PhysicalDescription:Fotogr., grafy, tab.
ISSN:1335-1249
Subjects:

MARC

LEADER 00000nab a2200000 a 4500
001 vtls009948960
003 SK-MaSNL
005 20260426105331.0
008 250506c2009 xo zr|p|||||||000 b|slo
015 |a SNBRB2009/09  |2 snkbucl 
035 |a (uuid)19fbb0fe-e8af-48fa-bc78-530ed990a509 
035 |a urn:nbn:sk:snk-abaclh 
035 |a (urnnbn)urn:nbn:sk:snk:ar-008eo9 
038 |a SNKBUCL 
040 |a SNKBUCL  |b slo  |c SNKBUCL  |e AACR2 
041 0 |a slo 
044 |a xo  |c SK 
080 |a 69  |x (437.6)  |x "2008"  |2 2001 
100 1 |a Majerský, Ján,  |d 1959-  |4 aut  |9 106496 
245 1 0 |a Slovenské stavebníctvo roku 2008 z pohľadu ZSPS  |c Ján Majerský 
300 |b Fotogr., grafy, tab. 
610 2 7 |a Zväz stavebných podnikateľov Slovenska  |2 snkbucl  |9 31416 
648 7 |a 2008  |2 snkbucl  |9 317238 
650 0 7 |a stavebníctvo  |2 snkbucl  |9 726 
651 7 |a Slovensko  |2 snkbucl  |9 14231 
773 0 |t Eurostav  |g Roč. 15, č. 6 (2009), s. 18-23  |x 1335-1249 
850 |a Slovenská národná knižnica 
852 |a Slovenská národná knižnica 
954 |a odborná, vedecká literatúra pôvodná (slovenská)  |2 lita 
958 |a article14 
958 |a OND 
958 |a SK 
958 |a EUIPO 
999 |c 3348857  |d 3350787